Buster Keaton
Bewaard in:
| Hoofdauteur: | |
|---|---|
| Formaat: | Boek |
| Taal: | Spaans |
| Gepubliceerd in: |
Barcelona
Tusquets
1982
|
| Editie: | 2a. ed |
| Reeks: | Cuadernos Infimos, 2
|
| Onderwerpen: | |
| Tags: |
Voeg label toe
Geen labels, Wees de eerste die dit record labelt!
|
MARC
| LEADER | 00000nam a2200000 a 4500 | ||
|---|---|---|---|
| 001 | UCT3718 | ||
| 003 | CL-VaPUC | ||
| 008 | 961024e19820000SP |||||||||||||||||spa|d | ||
| 082 | 0 | 4 | |a 927 |b OMS |2 21 |
| 100 | |a Oms, Marcel |e autor |9 492599 | ||
| 245 | 1 | 0 | |a Buster Keaton |
| 250 | |a 2a. ed | ||
| 300 | |a 99 p | ||
| 942 | |c BK | ||
| 945 | |d 19961024 00:00:00 |a nastorga | ||
| 260 | |a Barcelona |b Tusquets |c 1982 | ||
| 600 | 0 | 7 | |a KEATON, BUSTER |2 CL-VaPUC |9 266533 |
| 650 | 0 | |a Biografías |9 255210 | |
| 650 | 0 | |a Producción |9 263680 | |
| 650 | 7 | |a DIRECCION |2 CL-VaPUC |9 358279 | |
| 650 | 0 | |a Cine |9 225706 | |
| 651 | 0 | |a Europa |9 255156 | |
| 583 | |a last modification |c 19961024 00:00:00 |k Rodrigo Vera | ||
| 490 | 0 | |a Cuadernos Infimos, 2 | |
| 999 | |c 253274 |d 253272 | ||
| 952 | |0 0 |1 0 |4 0 |6 927_000000000000000_OMS_1982 |7 0 |8 P |9 273946 |a BIBARQ |b BIBARQ |d 2019-11-19 |i 3244768 |o 927 OMS 1982 |p 3244768 |r 2025-01-20 |w 2019-11-19 |y BK |k ARQ | ||